Statistics for All Lethal Company creatures and Hazards v50

Click here to take the quiz!

General Stats

  • This quiz has been taken 19 times
    (5 since last reset)
  • The average score is 25 of 28

Answer Stats

HintAnswer% Correct
Outdoors NightBaboon Hawk
100%
IndoorsBracken
100%
IndoorsBunker Spider
100%
IndoorsButler
100%
Outdoors DayCircuit Bees
100%
IndoorsCoil-Head
100%
Outdoors NightEyeless Dog
100%
Outdoors NightForest Keeper
100%
IndoorsGhost Girl
100%
IndoorsHoarding Bug
100%
IndoorsHygrodere
100%
Company buildingJeb
100%
IndoorsJester
100%
Outdoors DayManticoil
100%
Indoors/OutdoorsMasked
100%
IndoorsNutcracker
100%
Outdoors DayRoaming Locusts
100%
IndoorsSnare Flea
100%
IndoorsSpore Lizard
100%
IndoorsThumper
100%
Outdoors DayTulip Snakes
100%
Outdoors NightEarth Leviathan
67%
Hazard ObjectLandmine
67%
OutdoorsOld Birds
67%
Hazard ObjectSpike trap
67%
Hazard ObjectTurret
67%
UnusedLasso
33%
SpecialMasked Hornets
33%

Score Distribution

Percentile by Number Answered

Percent of People with Each Score

Your Score History

You have not taken this quiz since the last reset